Communes limitrophes de Nice - Statistiques

Statistiques générales
  • Ce quiz a été pris 105 fois
  • Le résultat moyen est 5 sur 13
Statistiques - réponses
Communes % Correct
Saint-Laurent-du-Var
84%
Villefranche-sur-Mer
78%
La Trinité
62%
Carros
55%
Aspremont
38%
Colomars
37%
Saint-André-de-la-Roche
34%
Falicon
29%
Eze
27%
Tourrette-Levens
24%
Gattières
22%
Saint-Jeannet
18%
Cantaron
10%
Aucun quiz correspondant
Distribution des résultats
% des personnes avec chaque résultat
Percentile par nombre de réponses
Votre historique - résultats
Vous n’avez pas pris ce quiz